home page   АИС "Историко-культурное наследие Беларуси"
  Базовый | Расширенный | Профессиональный | Словарь персоналий | Тематический словарь | По видам объектов История запросов  Заказы    Регистрация

Запись в MARC-формате

копировать MARC-запись

=LDR  00000nx\\c2200217\\\45\\
=001  BY-NLB-ar10020930
=005  20160330095623.6
=100  \\$a20151223arusy50\\\\\\ca0
=152  \\$apsbo
=160  \\$ae-bw
=215  \\$aКостюковка, рабочий поселок (Гомельский район)
=300  1\$aИзвестен с 1873 г. как станция Либаво-Роменской железной дороги. С апреля 1919 г. – деревня в Гомельской губернии РСФСР. С декабря 1926 г. – в БССР, центр сельсовета (до марта 1935 г.) Гомельского района, до июля 1930 г. – в Гомельском округе. С марта 1935 г. – рабочий поселок. С февраля 1938 г. – в Гомельской области. Находится в подчинении администрации Железнодорожного района Гомеля.
=356  \\$aНаходится на территории Гомельского района Гомельской области.
=801  \0$aBY$bBY-HM0000$c20151223
=810  \\$aРеспублика Беларусь : энциклопедия. [В 7 т.]. Т. 4. — Минск, 2007.
=810  \\$aБеларуская энцыклапедыя. У 18 т. Т. 8. — Мінск, 1999.
=810  \\$aРегионы Беларуси : энциклопедия. В 7 т. Т. 3. Гомельская область. В 2 кн. Кн. 1. — Минск, 2012.
=815  \\$aНазвы населеных пунктаў Рэспублікі Беларусь : Гомельская вобласць : нарматыўны даведнік. — Мінск, 2010.
=856  4\$uhttp://ate.nca.by/$zБД "Единый реестр административно-территориальных и территориальных единиц Республики Беларусь"$zДанные по состоянию на 21.01.2016.
=999  \\$f1848 NLB-NDARD$t20151223

Чтобы вернуться назад, щелкните кнопку BACK на Вашем браузере